书目信息 |
| 题名: |
新时期企业集团财务管理与风险控制研究
|
|
| 作者: | 麻东锋 , 朱友君 著 | |
| 分册: | ||
| 出版信息: | 北京 北京工业大学出版社 2018 |
|
| 页数: | 138页 | |
| 开本: | 26cm | |
| 丛书名: | ||
| 单 册: | ||
| 中图分类: | F276.4 | |
| 科图分类: | ||
| 主题词: | 企业集团--qi ye ji tuan--财务管理--风险管理--研究 | |
| 电子资源: | ||
| ISBN: | 978-7-5639-6546-5 | |
| 000 | 01064nam0 2200241 450 | |
| 001 | 2151111374 | |
| 005 | 20211018173724.0 | |
| 010 | @a978-7-5639-6546-5@dCNY48.00 | |
| 100 | @a20191228d2018 em y0chiy0120 ea | |
| 101 | 0 | @achi |
| 102 | @aCN@b110000 | |
| 105 | @ay z 000yy | |
| 106 | @ar | |
| 200 | 1 | @a新时期企业集团财务管理与风险控制研究@Axin shi qi qi ye ji tuan cai wu guan li yu feng xian kong zhi yan jiu@f麻东锋,朱友君著 |
| 210 | @a北京@c北京工业大学出版社@d2018 | |
| 215 | @a138页@d26cm | |
| 330 | @a本书立足于新时期的历史背景,分专题对企业集团财务管理与风险控制进行探讨。专题一分析了企业集团研究背景和意义,专题二梳理了企业集团财务管理的理论基础,专题三研究了企业集团财务控制及其模型设计,专题四介绍了企业集团财务管理体制及其模式设计,专题五进行了企业集团财务风险管理体系研究及构建。 | |
| 606 | 0 | @a企业集团@Aqi ye ji tuan@x财务管理@x风险管理@x研究 |
| 690 | @aF276.4@v5 | |
| 701 | 0 | @a麻东锋@Ama dong feng@f(1973~)@4著 |
| 701 | 0 | @a朱友君@Azhu you jun@c(财务管理)@4著 |
| 801 | 0 | @aCN@b百万庄@c20211016 |
| 905 | @b1310048-051@dF276.4@e1845@f4 | |
| 新时期企业集团财务管理与风险控制研究/麻东锋,朱友君著.-北京:北京工业大学出版社,2018 |
| 138页;26cm |
| ISBN 978-7-5639-6546-5:CNY48.00 |
| 本书立足于新时期的历史背景,分专题对企业集团财务管理与风险控制进行探讨。专题一分析了企业集团研究背景和意义,专题二梳理了企业集团财务管理的理论基础,专题三研究了企业集团财务控制及其模型设计,专题四介绍了企业集团财务管理体制及其模式设计,专题五进行了企业集团财务风险管理体系研究及构建。 |
| ● |
| 相关链接 |
|
|
|
|
正题名:新时期企业集团财务管理与风险控制研究
索取号:F276.4/1845
 
预约/预借
| 序号 | 登录号 | 条形码 | 馆藏地/架位号 | 状态 | 备注 |
| 1 | 1310048 | 213100482 | 第一样本阅览室/ [索取号:F276.4/1845] | 在馆 | |
| 2 | 1310049 | 213100491 | 第一借阅区/ [索取号:F276.4/1845] | 在馆 | |
| 3 | 1310050 | 213100507 | 第一借阅区/ [索取号:F276.4/1845] | 在馆 | |
| 4 | 1310051 | 213100516 | 第一借阅区/ [索取号:F276.4/1845] | 在馆 |